| 000 | 00984nam a2200301Ia 4500 | ||
|---|---|---|---|
| 003 | OSt | ||
| 005 | 20221007124943.0 | ||
| 006 | a|||||r|||| 00| 0 | ||
| 007 | ta | ||
| 008 | 221006b |||||||| |||| 00| 0 eng d | ||
| 020 | _a9788193651247 (hbk) | ||
| 024 | _a201056 | ||
| 037 |
_b463, 19/12/2019, Prestige Publishers _cTextual |
||
| 040 |
_aCDL _cCDL _beng |
||
| 041 |
_2eng _aeng |
||
| 082 | _aE0bF95, Q8 Carc | ||
| 100 |
_aKumari Ramesh _9721129 |
||
| 245 | 0 | _aChemistry of cosmetics | |
| 260 |
_aNew _bDelhi Prestige Publishers _c2018 |
||
| 300 |
_axi, 113p. ill. _ccm. |
||
| 500 | _aBibliography 89p.; Appendix 95-97p.; Glossary 98-100p.; Index 112-115p. | ||
| 650 |
_a Face preparations _9721130 |
||
| 650 |
_a Flavour and essentials oils _9721131 |
||
| 650 |
_a Skin preparations _9721132 |
||
| 650 | _aChemistry | ||
| 942 |
_hE0bF95, Q8 Carc _cTEXL _2CC |
||
| 999 |
_c1214434 _d1214434 |
||